| 000 | 00773nam a22002411u 4500 | ||
|---|---|---|---|
| 001 | 07083 | ||
| 003 | HDC | ||
| 007 | cr bn --- | ||
| 008 | 210126p2011 o d 00 engg | ||
| 040 | _aHDC | ||
| 245 | 0 | _aHALAL PHARMACEUTICAL | |
| 260 |
_a[No Place] : _b[publisher not identified], _c2011 |
||
| 300 |
_a49 pages : _billustrations |
||
| 336 |
_atext _2rdacontent |
||
| 337 |
_acomputer _2rdamedia |
||
| 338 |
_aonline resource _2rdacarrier |
||
| 650 |
_aHalal pharmaceutical _94162 |
||
| 650 |
_ahealth products _96116 |
||
| 856 | _zRequest full-text at [email protected] | ||
| 942 | _2lcc | ||
| 942 | _cSLIDE | ||
| 942 | _kSLID 000243 | ||
| 999 |
_c4407 _d4407 |
||